000 01224aam a2200337 i 4500
001 vtls000907417
003 PNM
005 20201208121431.0
008 200709t20192019xxkao g 001 0 eng d
020 _a9781912286812
_qhardback
_cRM109.90
039 9 _a202007211105
_birfah
_c202007090803
_dhisyamuddin_m
040 _aPNM
_beng
_cPNM
_erda
_dPPAK
082 0 4 _a032.02
_223
090 0 0 _a032.02
_bGUI
_dR
245 0 0 _aGUINNESS WORLD RECORDS 2020 /
246 3 3 _aWorld records 2020
264 1 _aUnited Kingdom :
_bGuinness World Record,
_c[2019]
264 4 _c©2019
300 _a255 pages :
_bcolour illustrations, colour photographs ;
_c30 cm
336 _atext
_2rdacontent
336 _astill image
_2rdacontent
337 _aunmediated
_2rdamedia
338 _avolume
_2rdacarrier
500 _aIncludes index
505 _tPlanet Earth --
_tAnimals --
_tHumans --
_tRecordology --
_tViral sports --
_tSpirit of adventure --
_tSociety --
_tRobots --
_tTech & engineering --
_tArts & media --
_tSports.
650 1 0 _aCuriosities and wonders
650 2 0 _aWorld records
710 2 _aGuinness World Records Limited,
_eissuing body.
942 _2ddc
_cB
949 _61001346360
_e2672190
_s5700:20200922
999 _c180410
_d180410